00415nam a2200181Ia 4500008004100000020001800041245001400059245001800073260001500091260002200106260000900128300001500137300002500152300001000177440001900187500000800206999001900214170705s9999 xx 000 0 und d a9780516278803 aBeetles / cEdana Eckart. aNew York : bChildren's Press, c2003 a24 pages : bcolor illustration ; c15cm. aWelcome books. a310 c335551d335551